Concetti fondamentali di filosofia. A cura di H. Krings, H. M. Baumgartner, C. Wild. Edizione italiana a cura di G. Penzo (Record no. 14265)
[ view plain ]
| 000 -LEADER | |
|---|---|
| fixed length control field | 00797nam a2200229Ia 4500 |
| 003 - CONTROL NUMBER IDENTIFIER | |
| control field | IT-RoPAU |
| 008 - FIXED-LENGTH DATA ELEMENTS--GENERAL INFORMATION | |
| fixed length control field | 120407s9999 xx 000 0 und d |
| 040 ## - CATALOGING SOURCE | |
| Original cataloging agency | IT-RoPAU |
| 040 ## - CATALOGING SOURCE | |
| Transcribing agency | IT-RoPAU |
| 041 ## - LANGUAGE CODE | |
| Language code of text/sound track or separate title | ita |
| 100 ## - MAIN ENTRY--PERSONAL NAME | |
| Personal name | Hermann Krings |
| 100 ## - MAIN ENTRY--PERSONAL NAME | |
| Titles and words associated with a name | cur. |
| 245 ## - TITLE STATEMENT | |
| Title | Concetti fondamentali di filosofia. A cura di H. Krings, H. M. Baumgartner, C. Wild. Edizione italiana a cura di G. Penzo |
| 250 ## - EDITION STATEMENT | |
| Edition statement | Brescia |
| 260 ## - PUBLICATION, DISTRIBUTION, ETC. (IMPRINT) | |
| Place of publication, distribution, etc. | Queriniana |
| 260 ## - PUBLICATION, DISTRIBUTION, ETC. (IMPRINT) | |
| Date of publication, distribution, etc. | 1981 |
| 300 ## - PHYSICAL DESCRIPTION | |
| Dimensions | 24,5 cm |
| 490 ## - SERIES STATEMENT | |
| Volume/sequential designation | 3 |
| 600 ## - SUBJECT ADDED ENTRY--PERSONAL NAME | |
| Personal name | " 3 voll. (impaginazione continua) 1° v. Alienazione - Felicità 784 p. 2° v. Fenomeno - Potere 785 - 1600 p. 3° v. Prassi - Volontà 1601 - 2448 p." |
| 942 ## - ADDED ENTRY ELEMENTS (KOHA) | |
| Koha item type | LIBRO |
| Withdrawn status | Lost status | Source of classification or shelving scheme | Damaged status | Not for loan | Home library | Current library | Date acquired | Total Checkouts | Full call number | Date last seen | Price effective from | Koha item type | Public note |
|---|---|---|---|---|---|---|---|---|---|---|---|---|---|
| Dewey Decimal Classification | Buone Condizioni | Not For Loan | PAULUS-BIBLIOTECA | PAULUS-BIBLIOTECA | 11/04/2012 | 103.8 | 11/04/2012 | 11/04/2012 | LIBRO | Inserito da: LUCIA In data: 07 ottobre 2011 fondo: Via A.Severo 56 Progr:3889 |